000 01601nam a2200445 c 4500
999 _c50177
_d50177
001 50177
003 ES-MaCES
005 20171103134337.0
008 171102s2017 sp 000 | spa d
017 _aMU 579-2017
_bDL
020 _a9788494659577
040 _aES-MaCES
_bspa
_cES-MaCES
245 0 0 _aTrabajadores pobres y pobreza en el trabajo
_b: concepto y evolución de la pobreza en la ocupación : el impacto de las últimas reformas legales
_cdirs., Fco. Javier Calvo Gallego, M. Rosario Gómez-Álvarez Díaz ; autores, María Teresa Arévalo Quijada ... [et al.]
250 _a1ª ed
260 _aMurcia
_bLaborum
_c2017
300 _a488 p.
_c24 cm
504 _aBibliografía
541 _cCompra
650 4 _atrabajo
_928289
650 4 _apobreza
_927112
650 4 _aempleo precario
_930171
650 4 _atrabajador temporal
_929204
650 4 _atrabajador a tiempo parcial
_929815
650 4 _apolítica económica
_927025
650 4 _apolítica de empleo
_928300
650 4 _anegociación colectiva
_928362
650 4 _alegislación del trabajo
_927166
650 4 _areforma legislativa
_929892
650 4 _alucha contra la pobreza
_930648
650 4 _aintegración social
_927283
650 4 _aEspaña
_926964
650 4 _aUE
_926752
650 4 _aEstados Unidos
_928373
653 1 0 _aRelaciones laborales-Empleo
700 1 _98760
_aCalvo Gallego, Francisco Javier
_edir.
700 1 _938684
_aGómez-Álvarez Díaz, María Rosario
_edir.
700 1 _938685
_aArévalo Quijada, María Teresa
902 _aLIB Libro
942 _2CES
_cBK
_h2.0.